000 01161nam a2200325 i 4500
003 EG-GICUC
005 20260121101519.0
008 251217s1961 fr ||||fr|||| 000 0 fre d
040 _aEG-GiCUC
_bfre
_cEG-GiCUC
_dEG-GiCUC
_eRda
041 _afre
082 0 4 _221
_a341.84
_bOV . U
092 0 4 _221
099 _aLaw1 12 341.84 OV . U 1961
100 1 _aOverbeck, Alfred E. von.
_eAuteur
245 1 2 _aL'unification Des Règles De Conflits De Lois en Matière De Forme De Testaments /
_cAlfred E. von Overbeck.
264 1 _a[Fribourg?] :
_bÉditions Universitaires,
_c1961.
300 _axviii, 139 pages ;
_c24 cm.
336 _2rda contenu
_a texte
337 _2rda medias
_aOrdinateur
338 _2 transporteur rda
_a Ressource en ligne
490 0 _aArbeiten aus dem Iuristischen Seminar der Universität Freiburg Schweiz ;
_v21.
504 _aIncludes bibliographical references
546 _aTexte en français
650 1 4 _aConflit de lois
_xDroit international privé
650 1 4 _atestaments
651 1 _2qrmak
856 4 0 _uhttps://fll.law.cu.edu.eg/fulltext/bks/B12-01648.pdf
905 _a75
_eHassnaa
942 _2ddc
_n0
_cBK
_e21
999 _c51346
_d51346